| 000 | 00505nam a22001697a 4500 | ||
|---|---|---|---|
| 003 | CEME | ||
| 005 | 20210628204046.0 | ||
| 008 | 210106b xxu||||| |||| 00| 0 eng d | ||
| 020 | _a9789400714915 | ||
| 040 | _cceme | ||
| 082 | _a629.892 SER | ||
| 100 |
_aAlonso,Gonzalez Ignacio, Fernandez, Mercedes, `Maestre, Jose M _968512 |
||
| 245 | _aService robotics within the digital home, applications and future prospects | ||
| 260 |
_aNEW YORK _bSPRINGER _c2011 |
||
| 300 | _aXVII, 174P | ||
| 942 |
_cBK _2ddc |
||
| 999 |
_c576073 _d576073 |
||